[Event "DVM U16w 2024"]
[Site "Neumünster GER"]
[Date "2024.12.30"]
[Round "7"]
[White "Artemenko, Isabella"]
[Black "Daaboul, Dima"]
[Result "1-0"]
[Termination "normal"]
[Board "1.4"]
[WhiteElo "1584"]
[BlackElo "1135"]
[WhiteClock "00:17:33"]
[BlackClock "00:01:43"]
[WhiteTeam "FC Bayern München"]
[BlackTeam "SG Porz"]
[PlyCount "95"]
[WhiteFideId "34639616"]
[BlackFideId "34619720"]
[EventCountry "GER"]
[EventRounds "7"]
[EventType "team-swiss"]
[EventDate "2024.12.26"]

1. e4 {[%clk 01:30:58]} {[%emt 00:00:02]} e5 {[%clk 01:30:49]} {[%emt
00:00:12]} 2. Nf3 {[%clk 01:31:12]} {[%emt 00:00:15]} Nc6 {[%clk 01:31:06]}
{[%emt 00:00:13]} 3. Bc4 {[%clk 01:31:32]} {[%emt 00:00:11]} Bc5 {[%clk
01:31:15]} {[%emt 00:00:21]} 4. O-O {[%clk 01:31:36]} {[%emt 00:00:26]} d6
{[%clk 01:31:20]} {[%emt 00:00:24]} 5. c3 {[%clk 01:31:44]} {[%emt 00:00:22]}
Nf6 {[%clk 01:31:11]} {[%emt 00:00:39]} 6. d3 {[%clk 01:28:54]} {[%emt
00:03:21]} h6 {[%clk 01:29:50]} {[%emt 00:01:51]} 7. b4 {[%clk 01:27:57]}
{[%emt 00:01:27]} Bb6 {[%clk 01:27:18]} {[%emt 00:03:02]} 8. a4 {[%clk
01:22:46]} {[%emt 00:05:41]} a5 {[%clk 01:23:05]} {[%emt 00:04:42]} 9. b5
{[%clk 01:22:48]} {[%emt 00:00:28]} Ne7 {[%clk 01:22:29]} {[%emt 00:01:06]} 10.
h3 {[%clk 01:15:54]} {[%emt 00:07:25]} O-O {[%clk 01:17:48]} {[%emt 00:05:11]}
11. Re1 {[%clk 01:13:43]} {[%emt 00:02:41]} Ng6 {[%clk 01:13:28]} {[%emt
00:04:50]} 12. d4 {[%clk 01:09:59]} {[%emt 00:04:14]} Re8 {[%clk 01:07:03]}
{[%emt 00:06:54]} 13. Bd3 {[%clk 01:03:39]} {[%emt 00:06:51]} c6 {[%clk
00:52:30]} {[%emt 00:15:03]} 14. Na3 {[%clk 00:59:24]} {[%emt 00:04:44]} Be6
{[%clk 00:49:56]} {[%emt 00:03:05]} 15. Bd2 {[%clk 00:51:07]} {[%emt 00:08:47]}
Rc8 {[%clk 00:46:57]} {[%emt 00:03:29]} 16. Rc1 {[%clk 00:47:53]} {[%emt
00:03:44]} Qe7 {[%clk 00:42:13]} {[%emt 00:05:14]} 17. bxc6 {[%clk 00:43:30]}
{[%emt 00:04:53]} bxc6 {[%clk 00:41:30]} {[%emt 00:01:13]} 18. Rb1 {[%clk
00:39:04]} {[%emt 00:04:55]} Ba7 {[%clk 00:40:43]} {[%emt 00:01:17]} 19. Qc1
{[%clk 00:29:10]} {[%emt 00:10:24]} Rb8 {[%clk 00:33:07]} {[%emt 00:08:06]} 20.
Rxb8 {[%clk 00:22:19]} {[%emt 00:07:21]} Rxb8 {[%clk 00:33:15]} {[%emt
00:00:22]} 21. Bc2 {[%clk 00:21:31]} {[%emt 00:01:18]} Bb3 {[%clk 00:20:57]}
{[%emt 00:12:48]} 22. Bxb3 {[%clk 00:19:29]} {[%emt 00:02:33]} Rxb3 {[%clk
00:20:43]} {[%emt 00:00:44]} 23. Nc4 {[%clk 00:19:51]} {[%emt 00:00:07]} Qe6
{[%clk 00:13:38]} {[%emt 00:07:35]} 24. Nxa5 {[%clk 00:14:06]} {[%emt
00:06:16]} Rb6 {[%clk 00:13:29]} {[%emt 00:00:38]} 25. c4 {[%clk 00:14:07]}
{[%emt 00:00:30]} Ra6 {[%clk 00:10:05]} {[%emt 00:03:53]} 26. d5 {[%clk
00:14:05]} {[%emt 00:00:33]} cxd5 {[%emt 00:00:53]} 27. cxd5 {[%clk 00:14:02]}
{[%emt 00:00:30]} Qd7 {[%clk 00:09:44]} {[%emt 00:00:30]} 28. Qc4 {[%clk
00:14:15]} {[%emt 00:00:16]} Rb6 {[%clk 00:09:22]} {[%emt 00:00:54]} 29. Nc6
{[%clk 00:13:57]} {[%emt 00:00:48]} Qc7 {[%clk 00:08:46]} {[%emt 00:01:05]} 30.
Be3 {[%clk 00:13:11]} {[%emt 00:01:16]} Rb7 {[%clk 00:08:06]} {[%emt 00:01:11]}
31. Bxa7 {[%clk 00:13:06]} {[%emt 00:00:35]} Rxa7 {[%clk 00:08:02]} {[%emt
00:00:34]} 32. Rc1 {[%clk 00:13:07]} {[%emt 00:00:29]} Rb7 {[%clk 00:07:26]}
{[%emt 00:01:05]} 33. a5 {[%clk 00:12:59]} {[%emt 00:00:39]} Nd7 {[%clk
00:01:56]} {[%emt 00:06:00]} 34. Ne7+ {[%clk 00:13:09]} {[%emt 00:00:19]} Nxe7
{[%clk 00:01:38]} {[%emt 00:00:48]} 35. Qxc7 {[%clk 00:13:36]} {[%emt
00:00:04]} Rxc7 {[%clk 00:01:54]} {[%emt 00:00:15]} 36. Rxc7 {[%clk 00:14:01]}
{[%emt 00:00:04]} Nc5 {[%clk 00:01:31]} {[%emt 00:00:53]} 37. Rxe7 {[%clk
00:14:25]} {[%emt 00:00:05]} Kf8 {[%clk 00:01:49]} {[%emt 00:00:12]} 38. Rc7
{[%clk 00:14:28]} {[%emt 00:00:27]} Na6 {[%clk 00:02:11]} {[%emt 00:00:09]} 39.
Ra7 {[%clk 00:14:49]} {[%emt 00:00:07]} Nc5 {[%clk 00:02:32]} {[%emt 00:00:10]}
40. Nd2 {[%clk 00:15:06]} {[%emt 00:00:12]} Ke8 {[%clk 00:02:27]} {[%emt
00:00:37]} 41. a6 {[%clk 00:15:32]} {[%emt 00:00:04]} Kd8 {[%clk 00:02:44]}
{[%emt 00:00:12]} 42. Ra8+ {[%clk 00:15:52]} {[%emt 00:00:10]} Kc7 {[%clk
00:03:05]} {[%emt 00:00:10]} 43. Rf8 {[%clk 00:16:11]} {[%emt 00:00:10]} Nxa6
{[%clk 00:03:27]} {[%emt 00:00:09]} 44. Rxf7+ {[%clk 00:16:34]} {[%emt
00:00:06]} Kb6 {[%clk 00:03:30]} {[%emt 00:00:28]} 45. Rxg7 {[%clk 00:16:52]}
{[%emt 00:00:11]} Kc5 {[%clk 00:03:56]} {[%emt 00:00:04]} 46. f3 {[%clk
00:17:06]} {[%emt 00:00:16]} Nb4 {[%clk 00:03:32]} {[%emt 00:00:54]} 47. Rg6
{[%clk 00:17:09]} {[%emt 00:00:28]} Nd3 {[%clk 00:01:43]} {[%emt 00:02:19]} 48.
Rxh6 {[%clk 00:17:33]} {[%emt 00:00:06]} 1-0

[Event "DVM U16w 2024"]
[Site "Neumünster GER"]
[Date "2024.12.30"]
[Round "7"]
[White "Rafikova, Ailin"]
[Black "Czäczine, Paula"]
[Result "1-0"]
[Termination "normal"]
[Board "2.1"]
[WhiteElo "1735"]
[BlackElo "1811"]
[WhiteClock "00:16:34"]
[BlackClock "00:24:32"]
[WhiteTeam "Schachzwerge Magdeburg"]
[BlackTeam "Chemnitzer SC Aufbau95"]
[PlyCount "93"]
[WhiteFideId "34612173"]
[BlackFideId "16249305"]
[EventCountry "GER"]
[EventRounds "7"]
[EventType "team-swiss"]
[EventDate "2024.12.26"]

1. e4 {[%clk 01:30:58]} {[%emt 00:00:02]} e5 {[%clk 01:30:56]} {[%emt
00:00:05]} 2. Nf3 {[%clk 01:31:24]} {[%emt 00:00:03]} Nc6 {[%clk 01:31:21]}
{[%emt 00:00:04]} 3. Bc4 {[%clk 01:31:48]} {[%emt 00:00:06]} Nf6 {[%clk
01:31:43]} {[%emt 00:00:09]} 4. d3 {[%clk 01:32:05]} {[%emt 00:00:12]} Be7
{[%clk 01:31:56]} {[%emt 00:00:18]} 5. O-O {[%clk 01:31:19]} {[%emt 00:01:15]}
d6 {[%clk 01:31:44]} {[%emt 00:00:42]} 6. c3 {[%clk 01:31:05]} {[%emt
00:00:44]} O-O {[%clk 01:31:29]} {[%emt 00:00:46]} 7. Nbd2 {[%clk 01:30:15]}
{[%emt 00:01:20]} d5 {[%clk 01:26:38]} {[%emt 00:05:22]} 8. Bb3 {[%clk
01:26:41]} {[%emt 00:04:03]} Bg4 {[%clk 01:21:10]} {[%emt 00:05:57]} 9. Re1
{[%clk 01:22:17]} {[%emt 00:04:55]} d4 {[%clk 01:15:34]} {[%emt 00:06:07]} 10.
Nf1 {[%clk 01:12:19]} {[%emt 00:10:27]} Nd7 {[%clk 01:06:01]} {[%emt 00:10:02]}
11. Ng3 {[%clk 01:07:30]} {[%emt 00:05:19]} Nc5 {[%clk 00:58:51]} {[%emt
00:07:41]} 12. Bc2 {[%clk 01:06:29]} {[%emt 00:01:31]} f6 {[%clk 00:51:58]}
{[%emt 00:07:23]} 13. h3 {[%clk 01:04:36]} {[%emt 00:02:22]} Be6 {[%clk
00:50:36]} {[%emt 00:01:51]} 14. b4 {[%clk 00:52:13]} {[%emt 00:12:54]} Nd7
{[%clk 00:47:16]} {[%emt 00:03:51]} 15. b5 {[%clk 00:50:27]} {[%emt 00:02:16]}
Ncb8 {[%clk 00:46:38]} {[%emt 00:01:08]} 16. cxd4 {[%clk 00:49:50]} {[%emt
00:01:07]} exd4 {[%clk 00:46:44]} {[%emt 00:00:24]} 17. Nxd4 {[%clk 00:48:40]}
{[%emt 00:01:40]} Bf7 {[%clk 00:46:27]} {[%emt 00:00:46]} 18. Ngf5 {[%clk
00:45:59]} {[%emt 00:03:10]} Ne5 {[%emt 00:05:44]} 19. Nxe7+ {[%clk 00:44:17]}
{[%emt 00:02:10]} Qxe7 {[%clk 00:41:25]} {[%emt 00:00:22]} 20. a4 {[%clk
00:39:33]} {[%emt 00:05:14]} Qd7 {[%clk 00:34:14]} {[%emt 00:07:41]} 21. Bb2
{[%clk 00:35:56]} {[%emt 00:04:06]} c5 {[%clk 00:27:45]} {[%emt 00:06:59]} 22.
Nf3 {[%clk 00:32:30]} {[%emt 00:03:56]} Qd6 {[%clk 00:24:08]} {[%emt 00:04:07]}
23. d4 {[%clk 00:24:53]} {[%emt 00:08:08]} cxd4 {[%clk 00:19:40]} {[%emt
00:04:57]} 24. Ba3 {[%clk 00:22:01]} {[%emt 00:03:22]} Nxf3+ {[%clk 00:18:12]}
{[%emt 00:01:59]} 25. Qxf3 {[%clk 00:21:28]} {[%emt 00:01:03]} Qc7 {[%clk
00:17:46]} {[%emt 00:00:56]} 26. Bxf8 {[%clk 00:21:04]} {[%emt 00:00:53]} Qxc2
{[%clk 00:16:55]} {[%emt 00:01:21]} 27. Bb4 {[%clk 00:16:52]} {[%emt 00:04:41]}
Nd7 {[%clk 00:14:14]} {[%emt 00:03:12]} 28. Qd1 {[%clk 00:14:09]} {[%emt
00:03:12]} Qc4 {[%clk 00:12:58]} {[%emt 00:01:47]} 29. Qd2 {[%clk 00:12:56]}
{[%emt 00:01:43]} d3 {[%clk 00:12:00]} {[%emt 00:01:29]} 30. Ra3 {[%clk
00:10:53]} {[%emt 00:02:31]} Ne5 {[%clk 00:11:14]} {[%emt 00:01:17]} 31. Bd6
{[%clk 00:10:00]} {[%emt 00:01:21]} Rd8 {[%clk 00:07:22]} {[%emt 00:04:24]} 32.
Bxe5 {[%clk 00:10:03]} {[%emt 00:00:26]} fxe5 {[%clk 00:07:42]} {[%emt
00:00:11]} 33. Rd1 {[%clk 00:07:34]} {[%emt 00:02:59]} Qxe4 {[%clk 00:06:16]}
{[%emt 00:01:55]} 34. Rxd3 {[%clk 00:07:15]} {[%emt 00:00:50]} Re8 {[%clk
00:06:04]} {[%emt 00:00:42]} 35. Qa5 {[%clk 00:04:34]} {[%emt 00:03:11]} a6
{[%clk 00:04:06]} {[%emt 00:02:29]} 36. bxa6 {[%clk 00:04:33]} {[%emt
00:00:31]} bxa6 {[%clk 00:04:26]} {[%emt 00:00:10]} 37. Rd8 {[%clk 00:03:29]}
{[%emt 00:01:33]} h6 {[%clk 00:01:16]} {[%emt 00:03:40]} 38. Rxe8+ {[%clk
00:02:09]} {[%emt 00:01:51]} Bxe8 {[%clk 00:01:41]} {[%emt 00:00:05]} 39. Rd8
{[%clk 00:01:28]} {[%emt 00:01:10]} Kf7 {[%clk 00:00:52]} {[%emt 00:01:19]} 40.
Qc7+ {[%clk 00:01:29]} {[%emt 00:00:28]} Kf8 {[%clk 00:01:06]} {[%emt
00:00:16]} 41. Qc5+ {[%clk 00:28:24]} {[%emt 00:03:35]} Kf7 {[%clk 00:30:23]}
{[%emt 00:01:14]} 42. Qa7+ {[%clk 00:27:50]} {[%emt 00:01:04]} Kf8 {[%clk
00:30:33]} {[%emt 00:00:20]} 43. Qxa6 {[%clk 00:25:39]} {[%emt 00:02:40]} Qe1+
{[%clk 00:28:31]} {[%emt 00:02:33]} 44. Qf1 {[%clk 00:24:48]} {[%emt 00:01:20]}
Qa5 {[%clk 00:27:23]} {[%emt 00:01:40]} 45. Qd1 {[%clk 00:24:33]} {[%emt
00:00:43]} Qb4 {[%clk 00:24:13]} {[%emt 00:03:41]} 46. Qd6+ {[%clk 00:17:17]}
{[%emt 00:07:45]} Kf7 {[%clk 00:24:32]} {[%emt 00:00:11]} 47. Qxb4 {[%clk
00:16:34]} {[%emt 00:01:13]} 1-0

[Event "DVM U16w 2024"]
[Site "Neumünster GER"]
[Date "2024.12.30"]
[Round "7"]
[White "Czäczine, Laura"]
[Black "Rössling, Laura Marie"]
[Result "1-0"]
[Termination "normal"]
[Board "2.2"]
[WhiteElo "1787"]
[BlackElo "1608"]
[WhiteClock "00:23:25"]
[BlackClock "00:04:18"]
[WhiteTeam "Chemnitzer SC Aufbau95"]
[BlackTeam "Schachzwerge Magdeburg"]
[PlyCount "57"]
[WhiteFideId "16211448"]
[BlackFideId "16289471"]
[EventCountry "GER"]
[EventRounds "7"]
[EventType "team-swiss"]
[EventDate "2024.12.26"]

1. e4 {[%clk 01:30:58]} {[%emt 00:00:01]} e5 {[%clk 01:30:50]} {[%emt
00:00:10]} 2. Nf3 {[%clk 01:31:24]} {[%emt 00:00:05]} Nc6 {[%clk 01:31:09]}
{[%emt 00:00:11]} 3. Bb5 {[%clk 01:31:45]} {[%emt 00:00:08]} a6 {[%clk
01:31:01]} {[%emt 00:00:39]} 4. Ba4 {[%clk 01:32:10]} {[%emt 00:00:05]} Nf6
{[%clk 01:30:40]} {[%emt 00:00:51]} 5. O-O {[%clk 01:32:25]} {[%emt 00:00:15]}
b5 {[%clk 01:26:52]} {[%emt 00:04:18]} 6. Bb3 {[%clk 01:32:48]} {[%emt
00:00:06]} Be7 {[%clk 01:25:50]} {[%emt 00:01:32]} 7. Re1 {[%clk 01:32:36]}
{[%emt 00:00:42]} d6 {[%clk 01:25:10]} {[%emt 00:01:11]} 8. c3 {[%clk
01:32:34]} {[%emt 00:00:32]} Na5 {[%clk 01:23:52]} {[%emt 00:01:48]} 9. Bc2
{[%clk 01:32:58]} {[%emt 00:00:07]} c5 {[%clk 01:21:31]} {[%emt 00:02:50]} 10.
h3 {[%clk 01:32:37]} {[%emt 00:00:51]} O-O {[%clk 01:20:02]} {[%emt 00:01:59]}
11. d4 {[%clk 01:32:23]} {[%emt 00:00:43]} Qc7 {[%clk 01:17:30]} {[%emt
00:03:03]} 12. Nbd2 {[%clk 01:29:18]} {[%emt 00:03:35]} Rb8 {[%clk 01:12:11]}
{[%emt 00:05:49]} 13. d5 {[%clk 01:21:58]} {[%emt 00:07:50]} h6 {[%clk
01:06:58]} {[%emt 00:05:43]} 14. Nf1 {[%clk 01:17:42]} {[%emt 00:04:46]} Nh7
{[%clk 01:03:28]} {[%emt 00:04:00]} 15. Ng3 {[%clk 01:14:13]} {[%emt 00:04:00]}
b4 {[%clk 00:58:59]} {[%emt 00:04:58]} 16. cxb4 {[%clk 01:10:54]} {[%emt
00:03:48]} cxb4 {[%clk 00:58:45]} {[%emt 00:00:45]} 17. b3 {[%clk 01:10:38]}
{[%emt 00:00:46]} Nb7 {[%clk 00:57:34]} {[%emt 00:01:38]} 18. Be3 {[%clk
01:07:38]} {[%emt 00:03:32]} Nf6 {[%clk 00:52:38]} {[%emt 00:05:27]} 19. Rc1
{[%clk 01:04:30]} {[%emt 00:03:38]} Ne8 {[%clk 00:45:06]} {[%emt 00:08:01]} 20.
Bb1 {[%clk 00:59:33]} {[%emt 00:05:27]} Qd7 {[%clk 00:41:43]} {[%emt 00:03:51]}
21. Qd2 {[%clk 00:57:27]} {[%emt 00:02:39]} Nd8 {[%clk 00:39:18]} {[%emt
00:02:55]} 22. Nf5 {[%clk 00:49:48]} {[%emt 00:08:09]} Bf6 {[%clk 00:35:08]}
{[%emt 00:04:40]} 23. Bd3 {[%clk 00:46:39]} {[%emt 00:03:39]} a5 {[%clk
00:33:19]} {[%emt 00:02:19]} 24. Rc2 {[%clk 00:42:31]} {[%emt 00:04:37]} Nb7
{[%clk 00:17:59]} {[%emt 00:15:51]} 25. Rec1 {[%clk 00:38:41]} {[%emt
00:04:20]} h5 {[%clk 00:10:09]} {[%emt 00:08:20]} 26. Ng5 {[%clk 00:28:31]}
{[%emt 00:10:39]} Bxg5 {[%clk 00:07:23]} {[%emt 00:03:17]} 27. Bxg5 {[%clk
00:28:50]} {[%emt 00:00:10]} f6 {[%clk 00:06:49]} {[%emt 00:01:04]} 28. Be3
{[%clk 00:26:47]} {[%emt 00:02:33]} Nd8 {[%clk 00:04:18]} {[%emt 00:03:01]} 29.
Rxc8 {[%clk 00:23:25]} {[%emt 00:03:53]} 1-0

[Event "DVM U16w 2024"]
[Site "Neumünster GER"]
[Date "2024.12.30"]
[Round "7"]
[White "Brewig, Bea Josephine"]
[Black "Breja, Eva"]
[Result "1/2-1/2"]
[Termination "normal"]
[Board "2.4"]
[WhiteElo "1545"]
[BlackElo "1556"]
[WhiteClock "00:05:25"]
[BlackClock "00:28:26"]
[WhiteTeam "Chemnitzer SC Aufbau95"]
[BlackTeam "Schachzwerge Magdeburg"]
[PlyCount "93"]
[WhiteFideId "16249313"]
[BlackFideId "34639632"]
[EventCountry "GER"]
[EventRounds "7"]
[EventType "team-swiss"]
[EventDate "2024.12.26"]

1. e4 {[%clk 01:30:54]} {[%emt 00:00:05]} e5 {[%clk 01:30:53]} {[%emt
00:00:08]} 2. Nf3 {[%clk 01:31:18]} {[%emt 00:00:06]} Nc6 {[%clk 01:31:13]}
{[%emt 00:00:10]} 3. Bb5 {[%clk 01:31:29]} {[%emt 00:00:18]} a6 {[%clk
01:31:17]} {[%emt 00:00:27]} 4. Ba4 {[%clk 01:31:31]} {[%emt 00:00:28]} Nf6
{[%clk 01:30:30]} {[%emt 00:01:17]} 5. O-O {[%clk 01:31:43]} {[%emt 00:00:18]}
b5 {[%clk 01:29:03]} {[%emt 00:01:57]} 6. Bb3 {[%clk 01:31:40]} {[%emt
00:00:33]} Bc5 {[%clk 01:27:43]} {[%emt 00:01:49]} 7. d3 {[%clk 01:13:40]}
{[%emt 00:18:30]} O-O {[%clk 01:25:42]} {[%emt 00:02:32]} 8. c3 {[%clk
01:12:21]} {[%emt 00:01:48]} Bb7 {[%clk 01:18:45]} {[%emt 00:07:27]} 9. Re1
{[%clk 01:09:14]} {[%emt 00:03:37]} Na5 {[%clk 01:11:49]} {[%emt 00:07:27]} 10.
Bc2 {[%clk 01:08:39]} {[%emt 00:01:04]} Bb6 {[%clk 01:11:12]} {[%emt 00:01:07]}
11. Nxe5 {[%clk 01:04:47]} {[%emt 00:04:23]} d5 {[%clk 01:07:57]} {[%emt
00:03:44]} 12. exd5 {[%clk 01:02:56]} {[%emt 00:02:21]} Qxd5 {[%clk 01:08:03]}
{[%emt 00:00:24]} 13. Nf3 {[%clk 01:01:50]} {[%emt 00:01:36]} Ng4 {[%clk
01:02:21]} {[%emt 00:06:13]} 14. d4 {[%clk 00:56:57]} {[%emt 00:05:23]} Rae8
{[%clk 00:45:13]} {[%emt 00:17:38]} 15. h3 {[%clk 00:45:58]} {[%emt 00:11:28]}
Nf6 {[%clk 00:42:36]} {[%emt 00:03:08]} 16. b3 {[%clk 00:41:57]} {[%emt
00:04:31]} Nc6 {[%clk 00:30:48]} {[%emt 00:12:18]} 17. Be3 {[%clk 00:38:00]}
{[%emt 00:04:27]} Ne7 {[%clk 00:21:07]} {[%emt 00:10:11]} 18. Nbd2 {[%clk
00:36:19]} {[%emt 00:02:10]} Nf5 {[%clk 00:18:31]} {[%emt 00:03:07]} 19. Nf1
{[%clk 00:31:48]} {[%emt 00:05:00]} Ne4 {[%clk 00:13:26]} {[%emt 00:05:33]} 20.
Qd3 {[%clk 00:24:23]} {[%emt 00:07:57]} Re6 {[%clk 00:08:45]} {[%emt 00:05:11]}
21. Ng3 {[%clk 00:18:08]} {[%emt 00:06:45]} Nfxg3 {[%clk 00:08:43]} {[%emt
00:00:32]} 22. fxg3 {[%clk 00:18:23]} {[%emt 00:00:15]} Rfe8 {[%clk 00:08:03]}
{[%emt 00:01:11]} 23. Bf4 {[%clk 00:16:43]} {[%emt 00:02:09]} Nf6 {[%clk
00:07:02]} {[%emt 00:01:31]} 24. Be5 {[%clk 00:16:07]} {[%emt 00:01:06]} g6
{[%clk 00:06:43]} {[%emt 00:00:50]} 25. Bxf6 {[%clk 00:16:21]} {[%emt
00:00:16]} Rxe1+ {[%clk 00:06:49]} {[%emt 00:00:23]} 26. Rxe1 {[%clk 00:15:56]}
{[%emt 00:00:55]} Rxe1+ {[%clk 00:07:15]} {[%emt 00:00:04]} 27. Nxe1 {[%clk
00:15:43]} {[%emt 00:00:43]} Qd6 {[%clk 00:06:53]} {[%emt 00:00:52]} 28. Be5
{[%clk 00:15:13]} {[%emt 00:01:00]} Qxe5 {[%clk 00:07:11]} {[%emt 00:00:09]}
29. Kf1 {[%clk 00:13:04]} {[%emt 00:02:42]} Qf6+ {[%clk 00:06:28]} {[%emt
00:01:10]} 30. Nf3 {[%clk 00:12:36]} {[%emt 00:01:00]} Qd6 {[%clk 00:06:05]}
{[%emt 00:00:52]} 31. Ne5 {[%clk 00:09:34]} {[%emt 00:03:33]} Qd5 {[%clk
00:05:32]} {[%emt 00:01:03]} 32. Qf3 {[%clk 00:08:51]} {[%emt 00:01:13]} Qxf3+
{[%clk 00:05:39]} {[%emt 00:00:24]} 33. Nxf3 {[%clk 00:09:13]} {[%emt
00:00:09]} c5 {[%clk 00:05:35]} {[%emt 00:00:34]} 34. dxc5 {[%clk 00:08:38]}
{[%emt 00:01:05]} Bxc5 {[%clk 00:05:59]} {[%emt 00:00:05]} 35. Ke2 {[%clk
00:08:25]} {[%emt 00:00:43]} Bd6 {[%clk 00:05:39]} {[%emt 00:00:50]} 36. g4
{[%clk 00:08:26]} {[%emt 00:00:29]} Kg7 {[%clk 00:05:59]} {[%emt 00:00:10]} 37.
Bd3 {[%clk 00:03:40]} {[%emt 00:05:16]} Kf6 {[%clk 00:05:30]} {[%emt 00:00:59]}
38. b4 {[%clk 00:02:38]} {[%emt 00:01:32]} Bxf3+ {[%clk 00:03:53]} {[%emt
00:02:07]} 39. gxf3 {[%clk 00:02:56]} {[%emt 00:00:13]} Be5 {[%clk 00:04:11]}
{[%emt 00:00:10]} 40. c4 {[%clk 00:02:16]} {[%emt 00:01:12]} bxc4 {[%clk
00:04:17]} {[%emt 00:00:24]} 41. Bxc4 {[%clk 00:02:37]} {[%emt 00:00:08]} Bc3
{[%clk 00:04:34]} {[%emt 00:00:14]} 42. Bxa6 {[%clk 00:30:12]} {[%emt
00:02:54]} Bxb4 {[%clk 00:34:46]} {[%emt 00:00:18]} 43. Bc4 {[%clk 00:23:32]}
{[%emt 00:07:10]} Ba3 {[%clk 00:33:34]} {[%emt 00:01:42]} 44. h4 {[%clk
00:16:03]} {[%emt 00:07:59]} h5 {[%clk 00:32:35]} {[%emt 00:01:28]} 45. Kd3
{[%clk 00:11:37]} {[%emt 00:04:57]} Bd6 {[%clk 00:30:31]} {[%emt 00:02:35]} 46.
a4 {[%clk 00:08:35]} {[%emt 00:03:31]} Bc7 {[%clk 00:28:26]} {[%emt 00:02:35]}
47. Ke4 {[%clk 00:05:25]} {[%emt 00:03:40]} 1/2-1/2